05 - Municipios de Ávila (Click Map) - Estadísticas

Estadísticas generales
  • Esta prueba ha sido intentada 489 veces
  • La puntuación promedio es 70 de 248
Respuestas en el mapa
Las respuestas están codificadas por una escala verde-roja en el mapa de la prueba según el % correcto abajo.
 
Estadísticas de respuestas
Respuesta % Correcto
Ávila
53%
Arenas de San Pedro
52%
Candeleda
48%
Peguerinos
48%
Guisando
47%
Martiherrero
44%
Albornos
42%
Amavida
42%
Sotalbo
42%
El Hoyo de Pinares
41%
Padiernos
41%
Burgohondo
40%
Cebreros
40%
El Barco de Ávila
40%
Bularros
39%
La Adrada
39%
Poyales del Hoyo
39%
Aldeaseca
38%
Hoyos del Espino
38%
La Hija de Dios
38%
Las Navas del Marqués
38%
Riofrío
38%
Arevalillo
37%
Arévalo
37%
Cillán
37%
El Tiemblo
37%
La Carrera
37%
La Torre
37%
Malpartida de Corneja
37%
Adanero
36%
Constanzana
36%
Cuevas del Valle
36%
El Herradón de Pinares
36%
San Martín de la Vega de Alberche
36%
Solana de Rioalmar
36%
Aldeanueva de Santa Cruz
34%
Avellaneda
34%
Blascomillán
34%
Cabezas del Villar
34%
Cantiveros
34%
Fresnedilla
34%
Hoyocasero
34%
Madrigal de las Altas Torres
34%
Muñopepe
34%
Navatalgordo
34%
Santa Cruz del Valle
34%
Santa María del Cubillo
34%
Umbrías
34%
Cardeñosa
33%
El Barraco
33%
Muñico
33%
Puerto Castilla
33%
San García de Ingelmos
33%
San Vicente de Arévalo
33%
Tornadizos de Ávila
33%
Vadillo de la Sierra
33%
Villanueva del Aceral
33%
Bonilla de la Sierra
32%
Casavieja
32%
Gemuño
32%
Junciana
32%
Mombeltrán
32%
Navalperal de Pinares
32%
Neila de San Miguel
32%
San Bartolomé de Pinares
32%
San Juan de Gredos
32%
Santa Cruz de Pinares
32%
Solosancho
32%
Cepeda la Mora
31%
El Bohodón
31%
El Hornillo
31%
Gallegos de Altamiros
31%
Gavilanes
31%
Grandes y San Martín
31%
Manjabálago y Ortigosa de Rioalmar
31%
Muñana
31%
Navadijos
31%
Navaluenga
31%
Navatejares
31%
Villanueva del Campillo
31%
Aveinte
30%
El Fresno
30%
Fontiveros
30%
Gilbuena
30%
Horcajo de las Tierras
30%
Hoyos del Collado
30%
Mancera de Arriba
30%
Mesegar de Corneja
30%
Mingorria
30%
Mirueña de los Infanzones
30%
Navalmoral de la Sierra
30%
Pedro Bernardo
30%
San Miguel de Corneja
30%
Barroman
29%
Becedillas
29%
Berrocalejo de Aragona
29%
Chamartín
29%
Cisla
29%
Donvidas
29%
El Parral
29%
Espinosa de los Caballeros
29%
Lanzahíta
29%
Maello
29%
Mijares
29%
Muñogalindo
29%
Ojos Albos
29%
Orbita
29%
Palacios de Goda
29%
Sanchidrián
29%
San Esteban del Valle
29%
San Lorenzo de Tormes
29%
Tormellas
29%
Villanueva de Ávila
29%
Brabos
28%
Diego del Carpio
28%
El Mirón
28%
Hernansancho
28%
La Colilla
28%
Las Berlanas
28%
Nava de Arévalo
28%
Navalosa
28%
Pedro Rodríguez
28%
Peñalba de Ávila
28%
Piedralaves
28%
Poveda
28%
Sanchorreja
28%
Zapardiel de la Cañada
28%
Becedas
27%
Casasola
27%
El Arenal
27%
Flores de Ávila
27%
Higuera de las Dueñas
27%
Hurtumpascual
27%
Mironcillo
27%
Muñosancho
27%
Navalacruz
27%
Riocabado
27%
Rivilla de Barajas
27%
Salvadios
27%
San Juan de la Encinilla
27%
San Juan del Molinillo
27%
Santa María del Arroyo
27%
Sotillo de la Adrada
27%
Vega de Santa María
27%
Villarejo del Valle
27%
Bercial de Zapardiel
26%
Bohoyo
26%
Cabezas del Pozo
26%
Casillas
26%
Collado del Mirón
26%
Crespos
26%
El Oso
26%
Garganta del Villar
26%
Gil-García
26%
La Horcajada
26%
Langa
26%
Medinilla
26%
Muñogrande
26%
Muñomer del Peco
26%
Nava del Barco
26%
Rasueros
26%
San Miguel de Serrezuela
26%
Serranillos
26%
Sigeres
26%
Sinlabajos
26%
Valdecasa
26%
Velayos
26%
Canales
24%
Casas del Puerto
24%
Castellanos de Zapardiel
24%
El Losar del Barco
24%
Hoyorredondo
24%
Hoyos de Miguel Muñoz
24%
La Serrada
24%
Mengamuñoz
24%
Navahondilla
24%
Navarredonda de Gredos
24%
Navarredondilla
24%
Niharra
24%
Pradosegar
24%
Santa María del Tiétar
24%
Solana de Ávila
24%
Tolbaños
24%
Villafranca de la Sierra
24%
Bernuy de Zapardiel
23%
Blasconuño de Matacabras
23%
Gallegos de Sobrinos
23%
Herreros de Suso
23%
Los Llanos de Tormes
23%
Martinez
23%
Mediana de Voltoya
23%
Monsalupe
23%
Muñotello
23%
Narros del Castillo
23%
Narros de Saldueña
23%
Navalonguilla
23%
San Bartolomé de Bejar
23%
San Esteban de los Patos
23%
San Juan de la Nava
23%
San Martín del Pimpollar
23%
San Pascual
23%
Tórtoles
23%
Villatoro
23%
Blascosancho
22%
Cabizuela
22%
Fuentes de Año
22%
La Aldehuela
22%
Marlín
22%
Moraleja de Matacabras
22%
Navaquesera
22%
Papatrigo
22%
Piedrahíta
22%
Salobral
22%
San Juan del Olmo
22%
Santiago del Collado
22%
Viñegra de Moraña
22%
Gimialcón
21%
Gotarrendura
21%
Gutierre-Muñoz
21%
Narrillos del Rebollar
21%
Navalperal de Tormes
21%
Navarrevisca
21%
Pajares de Adaja
21%
San Esteban de Zapardiel
21%
Santo Domingo de las Posadas
21%
Tiñosillos
21%
Villar de Corneja
21%
Vita
21%
Collado de Contreras
20%
Fuente el Sauz
20%
Mamblas
20%
Navacepedilla de Corneja
20%
San Pedro del Arroyo
20%
Santiago del Tormes
20%
Santo Tome de Zabarcos
20%
Zapardiel de la Rivera
20%
Narrillos del Álamo
19%
Narros del Puerto
19%
Navaescurial
19%
Pozanco
19%
San Bartolomé de Cornejas
19%
Villaflor
19%
Villanueva de Gómez
19%
Donjimeno
18%
Santa María del Berrocal
18%
Pascualcobo
17%
Santa María de los Caballeros
17%
Cabezas de Alambre
16%
No se encontraron pruebas coincidentes
Distribución de puntuación
Porcentaje de gente con cada puntuación
Porcentaje por número respondido
Historial de tus puntuaciones
No has intentado esta prueba.